000 00635nam a22002297a 4500
999 _c65713
_d65713
005 20240530110839.0
008 191222s1982 ua f 000 0 ara d
017 _a82/1597
_bمصر. دار الكتب
020 _a9777323484
040 _aEG-CaGPL
_cEG-CaGPL
082 0 4 _221
_a923.1
_bق / ا و
100 0 _aانور السادات
245 1 0 _aوصيتى /
_cانور السادات
250 _aط.1
260 _aالقاهرة :
_c1982
300 _a226 ص . ؛
_c21 سم .
600 0 _2السادات
650 _2qrmak
651 _2qrmak
942 _2ddc
_cBK